Gaps in international environmental law and environmental -related instruments (Record no. 121205)

MARC details
000 -LEADER
fixed length control field 01002nam a22001937a 4500
001 - CONTROL NUMBER
control field K121205
008 - FIXED-LENGTH DATA ELEMENTS--GENERAL INFORMATION
fixed length control field 160218b2020 xxu||||| |||| 00| 0 eng d
041 ## - LANGUAGE CODE
Language code of text/sound track or separate title eng
110 ## - MAIN ENTRY--CORPORATE NAME
Corporate author United Nations General Assembly
245 ## - TITLE STATEMENT
Title Gaps in international environmental law and environmental -related instruments
Subtitle Towards a global pact for the environment
Statement of responsibility, etc Report of the Secretary-General
300 ## - PHYSICAL DESCRIPTION
Physical description 45p
490 ## - SERIES TITLE
Series statement United Nations General Assembly
Volume 73 Session Agenda Item 14 A/73/419. 30 November 2018
520 ## - ABSTRACT
Abstract Reviews and analyses existing international environmental law and environmental-related instruments. Highlights gaps and deficiencies in coverage at multiple levels. Notes that there is no framework regarding rules and principles, it is piecemeal and reactive with lack clarity and space legal redress, both nationally and internationally.
650 ## - KEYWORDS
Keywords Value the planet
650 ## - KEYWORDS
Keywords United nations
651 ## - SUBJECT ADDED ENTRY--GEOGRAPHIC NAME
Geographic name International
690 ## - BROAD SUBJECT
9 (RLIN) 6238
Broad subject Environment
942 ## - ADDED ENTRY ELEMENTS (KOHA)
Suppress in OPAC Do not suppress in OPAC
Holdings
Lost status Damaged status Not for loan Home library Current library Shelving location Date acquired Total Checkouts Date last seen Price effective from Koha item type
      Virtual Virtual Online 12/02/2020   12/02/2020 12/02/2020 Online material